| 000 | 00623nam a2200217 a 4500 | ||
|---|---|---|---|
| 001 | BRCA_6791 | ||
| 005 | 20190320205606.0 | ||
| 008 | 311011s1943----mx-#######---#000-0#spa-# | ||
| 041 | _aspa | ||
| 044 | _amx | ||
| 050 | 4 |
_aF1234 _b.S5862 _c1943 |
|
| 245 | 1 | 0 |
_aCuadernos Americanos _cJesús Silva Herzog |
| 260 |
_aMéxico _bCultura _c1943 |
||
| 300 |
_a5 v. _c24 cm. |
||
| 500 | _aI149 | ||
| 501 | _aContenido: v.1. Pátzcuaro. - v.2. - Urupan. v.3. Querétaro. - v.4. - Guanajuato. v.5. Puebla. | ||
| 650 | 1 | 4 |
_aHistoria moderna _zMéxico _916935 |
| 651 | 4 |
_aMéxico _xHistoria _9614 |
|
| 902 | _aGFM | ||
| 942 |
_2lcc _cB |
||
| 999 |
_c6474 _d6474 |
||